| 000 | 00588nam a2200145Ia 4500 | ||
|---|---|---|---|
| 008 | 151213s9999 xx 000 0 und d | ||
| 100 | _aড: মোশারÍফ হোসাইন মিঞ । | ||
| 245 |
_aসিড়ি _cড: মোশারÍফ হোসাইন মিঞ । |
||
| 260 |
_aঢাকা _bওয়ার্ল্ড ইউনিভারসিটি সার্ভিস বাংলাদেশ। _c1994 |
||
| 300 | _a4495 p. | ||
| 650 | _aBangla | ||
| 650 | _aEssays | ||
| 700 | _aড: মোশারÍফ হোসাইন মিঞ । | ||
| 999 |
_c2870 _d2870 |
||